Statistics for Team - Lorde (All lyrics)

Click here to take the quiz!

General Stats

  • This quiz has been taken 184 times
  • The average score is 286 of 378

Answer Stats

Answer% Correct
I
99%
we
98%
We
98%
in
97%
in,
97%
the
96%
The
96%
you
96%
A
95%
a
95%
on-
94%
on
94%
to
92%
Not
91%
not
91%
team.
91%
never
90%
see
90%
know
89%
know…
89%
know,
89%
We’re
89%
we’re
89%
But
88%
but
88%
live
86%
-screen.
86%
cities
85%
how
85%
And
84%
and
84%
pretty,
84%
other’s
83%
all
82%
each
82%
my
82%
our
82%
run
82%
of
79%
sure
79%
very
79%
you’ll
78%
Your
78%
out.
77%
out,
77%
They
77%
they
77%
things.
75%
you’re
75%
call
74%
Call
74%
ruins
73%
dreams.
72%
’til
71%
up
71%
Wait
71%
announced.
70%
like
70%
Living
70%
love
70%
So
70%
will
69%
send
68%
Send
68%
ladies
67%
We’ve
67%
brother,
66%
don’t
66%
hundred
66%
I’m
66%
Their
66%
their
66%
yet
66%
boys
65%
dance
65%
stay
65%
lost
64%
Even
63%
graces.
63%
moon;
63%
teeth.
63%
The moon
63%
between
62%
within
62%
bring
61%
Now
61%
there.
61%
Dancing
60%
For
60%
Look
60%
palace
60%
hands
59%
it
59%
kind
59%
tell.
59%
tell,
59%
air.
58%
jewels
58%
They’re
58%
hounds
57%
as
56%
when
55%
well.
54%
chains.
53%
craters
53%
he
52%
upon
52%
eyes,
51%
skin
51%
this
51%
was
51%
comatose,
50%
finery.
50%
getting
50%
is
50%
room.
50%
around
49%
Greatness
49%
lies
48%
over
48%
throw
48%
told
48%
everyone’s
46%
what
46%
While
46%
competing
45%
got
45%
through
45%
won’t
45%
big
44%
care.
41%
’Cause
41%
receive,
41%
without
41%
beneath
40%
feet.
40%
throats,
39%
wasn’t
39%
broke,
38%
cups
38%
release.
38%
wants
38%
older
35%
than
34%
glows
32%
Shards
31%
She’ll
31%
reveled
21%
my fault.
16%

Score Distribution

Percentile by Number Answered

Percent of People with Each Score

Your Score History

You have not taken this quiz